[Event "SK Freising 1-SK Starnberg 1"]
[Site "?"]
[Date "2025.04.06"]
[Round "9.1"]
[White "Steinmueller, Stephan"]
[Black "Trapp, Maximilian"]
[Result "1-0"]
[WhiteElo "2112"]
[BlackElo "2190"]
[Annotator "Stockfish 17"]
[PlyCount "107"]
[EventDate "2025.??.??"]
[WhiteTeam "SK Starnberg 1"]
[BlackTeam "SK Freising 1"]

{[%evp 17,107,108,105,102,98,102,97,99,101,91,98,89,135,82,80,68,76,78,80,74,
84,69,86,82,125,124,118,107,288,68,67,64,62,58,60,49,58,53,53,56,74,69,100,1,
555,146,306,285,285,292,281,269,278,275,267,255,264,253,256,247,238,206,233,
216,208,73,62,38,191,201,145,24,37,31,94,58,86,74,255,237,277,241,392,364,570,
560,686,684,827,792,1293,29981]} 1. e4 d5 2. exd5 Nf6 3. d4 Nxd5 4. c4 Nf6 (
4... Nb6 5. Nf3 g6 6. Nc3 Bg7 7. h3 O-O 8. Be3 Nc6 9. Qd2 {ist eine
vielgespielte Variante}) 5. Nf3 c6 $6 (5... c5 6. Nc3 cxd4 7. Qxd4 Qa5 8. Qe5
Qxe5+ 9. Nxe5 $14 {Litzka,M-Soelch,H BL2-S 1989 ist ein gutes Beispiel}) 6. Nc3
$16 Bg4 7. Be2 e6 8. O-O Be7 (8... Nbd7 9. h3 (9. Bf4 $1 Nh5 10. Be3 Nhf6 11.
h3 Bxf3 12. Bxf3 $16) 9... Bh5 $6 (9... Bxf3 $142 10. Bxf3 Bd6) 10. Bf4 Nb6 11.
b3 {Kiss,I-Sonkoly,L HUN-tt2 1998} (11. g4 $142 $5 Bg6 12. Ne5 $16)) 9. h3 Bh5
10. Re1 O-O 11. g4 Bg6 12. Ne5 Nbd7 13. Nxg6 hxg6 14. Bf4 Nb6 $6 15. Qd3 (15.
h4 $1 Nh7 16. g5 Bd6 17. Be3 $16) 15... c5 16. Rad1 cxd4 $1 17. Qxd4 Qxd4 18.
Rxd4 Bc5 19. Rd2 Bb4 20. Rc2 Rac8 $6 (20... Na4 21. Nxa4 Bxe1 22. Bf3 Rad8 23.
Bxb7 $14) 21. a3 Be7 22. Nb5 $16 Nfd5 $2 23. Bd6 $2 (23. Bg3 $142 $18) 23... a6
$14 24. Bxe7 Nxe7 25. Nd6 {[%mdl 64] Doppelangriff} Rc7 26. Bf3 Nc6 {und nun
wäre ...Sd4 stark für Schwarz.} 27. Rd1 Rd8 28. c5 Ne5 29. Bg2 $36 {[%mdl
2048]} g5 $6 30. Rcd2 {[#]} (30. Re2 $142 Rxc5 31. b4 $16) 30... Rcd7 $4 {
[%mdl 8192]} (30... Rxc5 $142 31. b4 Rc3 $11) 31. Bxb7 (31. cxb6 $1 $18 Rb8 32.
Ne4 Rxd2 33. Rxd2 {mit klarem Gewinn}) 31... Rxb7 $2 (31... Na4 $16 32. c6 Rc7
{ließ noch kleine Chancen}) 32. Nxb7 $18 Nf3+ 33. Kg2 Rxd2 34. Rxd2 Nxd2 35.
cxb6 {[%mdl 4096] [#] Endspiel KS-KS Weiß steht auf Gewinn das Endspiel ist
vereinfacht zu beurteilen wie ein reines Bauernendspiel.} Nc4 36. Nc5 {Und
weiter mit b7 wäre nett.} Nxb6 37. b4 (37. Nxa6 Nc4 $16 38. a4 Nxb2 39. Nc5
Nc4 40. Kf3 f6 41. Nxe6 Kf7 42. Nc5 $18 {der Freibauer gewinnt}) 37... Nc4 38.
a4 ({Schwächer ist} 38. Nxa6 Nxa3 39. Kg3 Kf8 $11) 38... a5 39. bxa5 Nxa5 40.
Kf3 $18 Kf8 41. Ke2 $2 (41. Ke3 $18 {ist viel giftiger.} Ke7 42. Ne4 Nc6 43.
Nxg5 f6 44. Nf3 Na5 45. h4 Kd7 46. Nd2 Nc6 47. h5 Kd6 48. Nf3 Kd5 49. Kf4 e5+
50. Ke3 $18) 41... Ke7 $16 42. Kd3 {[#]} f6 $2 (42... f5 $1 $14 43. Kc3 Nc6 44.
f3 Kd6 45. Nb3 Kd5 $11) 43. Kc3 $1 $18 Kd6 44. Nb3 $2 (44. Kb4 $8 {Droht stark
Se4+.} Nc6+ 45. Kb5 $18) 44... Nc6 45. Kc4 f5 $6 (45... Ne5+ $14 46. Kb5 Nd3
47. a5 Kc7 48. Nc5 Nf4 $11) 46. gxf5 (46. Kb5 Kc7 47. f3 g6 48. a5 e5 49. a6 e4
50. fxe4 fxe4 51. Kc5 e3 $11) 46... exf5 {[#]} 47. Nd4 $1 {[%cal Rd4f5]} Ne5+
$2 (47... Ne7 48. a5 g4 49. h4 f4 50. Ne2 Ng6 51. h5 f3 52. Ng3 Nf4 53. Kc3 Nh3
54. Ne4+ Kc6 55. Kd2 Kb5 56. Ke3 Kxa5 $11) 48. Kb5 $18 {Weiß gewinnt} g6 49.
a5 {[%cal Ba4a5,Ba5a6,Ba6a7][%mdl 32]} g4 {[#]} (49... Kc7 {war einen Versuch
wert.} 50. Ne6+ Kb7 (50... Kb8 51. Nxg5 f4 52. f3 Kb7 53. a6+ Ka8 54. Ne6 Kb8
55. Nd4 Ka8 56. h4 Nf7 57. Kb6 Ne5 58. Kc5 Nd3+ 59. Kc4 Ne5+ 60. Kd5 Nf7 61.
Ke6 g5 62. h5 Nh6 63. Kf6 {ist lt. Stockfish ein klarer Gewinnweg.}) 51. Nxg5
Nd3) 50. hxg4 $1 Nxg4 (50... f4 $142 51. Ne6 Nc6) 51. a6 {Weiß steht klar auf
Gewinn.} Nf6 {Jetzt ...Kc7 und Schwarz darf weiter klammern.} 52. a7 Ne8 53.
Kb6 ({Nicht} 53. Nxf5+ gxf5 54. f4 Nc7+ 55. Kb6 Na8+ 56. Kb7 Nc7 $11) 53... Nc7
54. Nb5+ {[%mdl 64]} 1-0

[Event "SK Freising 1-SK Starnberg 1"]
[Site "?"]
[Date "2025.04.06"]
[Round "9.2"]
[White "Brand, Leonhard"]
[Black "Ponater, Michael"]
[Result "1-0"]
[WhiteElo "2066"]
[BlackElo "2034"]
[Annotator "Stockfish 17"]
[PlyCount "85"]
[EventDate "2025.??.??"]
[WhiteTeam "SK Freising 1"]
[BlackTeam "SK Starnberg 1"]

{[%evp 9,85,26,36,34,32,30,28,42,42,-4,0,-10,-13,-26,8,9,15,1,4,2,105,20,11,4,
6,9,3,3,7,0,2,0,35,3,0,0,11,0,1,6,6,6,38,37,83,75,94,42,48,34,62,2,4,0,0,0,7,5,
2,0,1,0,0,0,-3,0,0,0,13,9,435,436,521,518,512,509,482,460]} 1. e4 c6 2. Nc3 d5
3. Nf3 dxe4 (3... Bg4 4. h3 Bxf3 5. Qxf3 Nf6 6. d3 e6 {ist eine vielgespielte
Variante}) 4. Nxe4 Nf6 5. Qe2 Bg4 6. h3 Bxf3 7. Nxf6+ gxf6 8. Qxf3 $14 Qd5 9.
Qe3 (9. Be2 $14) 9... Nd7 10. d4 e6 11. Bd2 f5 12. c4 Qe4 13. O-O-O Qxe3 14.
Bxe3 Bd6 $2 {[#]} (14... h5 $11 {hält das Gleichgewicht.}) 15. d5 (15. g4 $142
$1 $16 f4 16. Bd2 Ke7 17. Kc2) 15... cxd5 $11 16. cxd5 e5 17. g3 Ke7 18. Kb1
Rhg8 19. Bd3 e4 20. Be2 Ne5 21. Rc1 a6 22. g4 fxg4 23. hxg4 Nxg4 24. Bxg4 Rxg4
25. Rxh7 $11 Rd8 26. Rc4 {Droht f3! und aus.} Kf6 $6 (26... Rdg8 $11) 27. f3
Rg3 28. Bd4+ $14 (28. Bb6 $142 Rd7 29. fxe4 Kg6 30. Rh1 f5 31. exf5+ Kxf5 32.
Rc2 $16) 28... Be5 29. Bxe5+ Kxe5 30. fxe4 $11 {[%mdl 4096] Endspiel KTT-KTT}
Rf3 31. a3 b5 32. Rb4 Rf4 33. Rh5+ f5 34. exf5 Rxf5 35. Rh6 Rd6 36. Re4+ Kxe4
37. Rxd6 Rxd5 $11 38. Rxa6 $11 {KT-KT das Turmendspiel ist technisch remis} Kd4
39. Kc2 Rc5+ $2 {[%mdl 8192] ein sehenswerter Fehler [#]} (39... Kc5 $11 {
und Schwarz ist OK.} 40. Rf6 Rg5 41. b4+ Kd5 42. Ra6 Rg1 43. Kb3 Rb1+ {und es
ist nichts zu holen}) (39... Rf5 40. Rc6 Kd5 41. Rc3 Rf2+ 42. Kb1 Rf1+ 43. Rc1
Rf2 44. b4 Kd6 $11) 40. Kb3 $18 {Weiß steht klar auf Gewinn.} Kd5 41. Kb4 Rc2
42. b3 Rb2 43. Rb6 1-0

[Event "SK Freising 1-SK Starnberg 1"]
[Site "?"]
[Date "2025.04.06"]
[Round "9.3"]
[White "Flemming, Achim"]
[Black "Zill, Christoph"]
[Result "0-1"]
[WhiteElo "2012"]
[BlackElo "2064"]
[Annotator "Stockfish 17"]
[PlyCount "62"]
[EventDate "2025.??.??"]
[WhiteTeam "SK Starnberg 1"]
[BlackTeam "SK Freising 1"]

{[%evp 13,62,-17,-12,-34,-31,-42,-39,-61,-15,-49,63,8,72,74,94,63,137,35,43,41,
46,-32,-34,-35,-2,-61,-56,-55,-50,-227,-233,-324,-312,-312,-306,-306,-313,-327,
-271,-548,-546,-537,-520,-526,-521,-514,-515,-499,-471,-468,-507]} 1. Nc3 {
der Weiße kann fast mit jedem Zug beginnen. Den c-Bauern zu verstellen ist
grundsätzlich nicht erstklassig} Nf6 2. e4 d5 3. e5 Nfd7 (3... d4 4. exf6 dxc3
5. fxg7 cxd2+ 6. Qxd2 Qxd2+ 7. Bxd2 Bxg7 $11 {kam durchaus schon öfter mal vor
} 8. O-O-O Nc6 9. Nf3 Bg4 10. Be2 {Tal,M-Panchenko,A 1/2 URS-ch58 Moscow 1991})
4. d4 c5 5. dxc5 e6 6. Nf3 (6. f4 Nc6 7. Bd2 $11) 6... Nc6 7. Bf4 a6 8. Bd3
Nxc5 9. O-O Be7 10. Re1 $6 $15 {ungenau} Nxd3 (10... g5 $5 {kämpft um Vorteil}
) 11. cxd3 $6 b5 $6 (11... g5 $15 12. Bc1 h5) 12. Rc1 Bb7 (12... g5 $11 13. Be3
d4) 13. d4 $16 Na5 14. b3 O-O $6 (14... g5 $14) 15. Qd2 (15. Ne2 $16) 15... Rc8
16. Bg5 Bxg5 17. Qxg5 $6 {die Eröffnung verlief recht eigenwillig.} ({Besser
ist} 17. Nxg5 $14 Nc6 18. Ne2) 17... Qxg5 $15 18. Nxg5 Bc6 19. Rc2 b4 {[#] Und
weiter mit ...Lb7 wäre nett.} 20. Ne2 Bb5 $36 {[%mdl 2048] Schwarz hat gut
koordiniertes Spiel.} 21. Rxc8 $4 (21. Rec1 $15 Rxc2 22. Rxc2) 21... Rxc8 $19
22. Rc1 {[#]} Rc6 $1 23. Rxc6 Nxc6 {[%mdl 4096] Endspiel KLS-KSS} 24. Nc1 Nxd4
25. f4 f6 $1 26. Nf3 $2 {setzt dem Ganzen die Krone auf} (26. Nh3) 26... Nxf3+
{Schwarz steht klar auf Gewinn.} 27. gxf3 fxe5 28. fxe5 Kf7 29. Kf2 Kg6 30. Ke3
Kf5 31. Kd4 Bf1 0-1

[Event "SK Freising 1-SK Starnberg 1"]
[Site "?"]
[Date "2025.04.06"]
[Round "9.4"]
[White "Bauer, Robert"]
[Black "Litzka, Matthias"]
[Result "1/2-1/2"]
[WhiteElo "2094"]
[BlackElo "2008"]
[Annotator "Stockfish 17"]
[PlyCount "26"]
[EventDate "2025.??.??"]
[WhiteTeam "SK Freising 1"]
[BlackTeam "SK Starnberg 1"]

{[%evp 9,26,1,3,-3,0,-14,-18,-42,-43,-54,168,169,180,181,149,153,140,151,169]} 
1. e4 c6 2. d4 d5 3. f3 e6 4. Nc3 Nd7 (4... Bb4 5. Bf4 Nf6 6. Qd3 b6 7. Nge2
Ba6 8. Qe3 Bxc3+ 9. Nxc3 Bxf1 10. Rxf1 O-O 11. O-O-O $16 {Gallagher,
J-Groszpeter,A Lenk op 1992}) 5. Nh3 (5. Nge2 b6 6. Ng3 Bb7 7. Be3 Qc7 8. Bd3
e5 $2 9. O-O (9. exd5 $142 cxd5 10. Qe2) 9... Ngf6 10. exd5 cxd5 11. Qe2 {
Shaughnessy,E-Onozuko,K Elista olw 1998}) 5... Qb6 6. a3 dxe4 7. fxe4 e5 8. Be3
Ngf6 9. Bc4 {Sg5 ist eine echte Drohung.} exd4 $2 (9... Bd6 $15 {behält die
Oberhand.}) 10. Bxd4 $16 {Weiß steht deutlich besser.} Bc5 {[#]} 11. Na4 $1 {
[%cal Ra4b6]} Qa5+ {[#]} 12. Bc3 $1 {[%cal Rc3a5]} Qc7 {Droht stark ...Ld6.}
13. Nxc5 Nxc5 $16 (13... Nxc5 14. Ng5 Be6 15. Nxe6 Nxe6 16. O-O {+2.00})
1/2-1/2

[Event "SK Freising 1-SK Starnberg 1"]
[Site "?"]
[Date "2025.04.06"]
[Round "9.5"]
[White "Wehr, Stephan"]
[Black "Gruettner, Ralf"]
[Result "1/2-1/2"]
[WhiteElo "1996"]
[BlackElo "2041"]
[Annotator "Stockfish 17"]
[PlyCount "97"]
[EventDate "2025.??.??"]
[WhiteTeam "SK Starnberg 1"]
[BlackTeam "SK Freising 1"]

{[%evp 12,97,51,25,49,45,72,75,111,72,80,72,72,74,75,74,81,71,74,60,65,44,46,
50,80,81,110,50,70,34,38,30,37,19,20,21,20,21,29,27,30,16,19,12,32,23,33,34,52,
44,71,79,70,71,69,73,104,84,107,109,112,91,88,92,94,87,85,83,85,81,73,73,75,51,
53,51,78,15,18,4,2,5,6,7,7,7,13,8]} 1. Nf3 Nf6 2. c4 g6 3. g3 Bg7 4. Bg2 O-O 5.
O-O d6 6. Nc3 Nbd7 7. Rb1 Rb8 8. b4 Nb6 9. d3 Bd7 10. Bb2 Qc8 11. c5 Nbd5 12.
Nxd5 Nxd5 13. Bxg7 Kxg7 14. Qb3 Nf6 15. Rfc1 Qd8 16. Rb2 a6 17. Nd2 Be6 18. Qc3
Kg8 19. Qd4 c6 20. cxd6 Qxd6 21. Qxd6 exd6 $11 22. Ne4 Nxe4 23. Bxe4 Rfd8 24.
d4 d5 25. Bd3 Kf8 26. a4 Ke7 27. f3 Kd6 28. Kf2 Ra8 29. h4 f6 30. h5 gxh5 $6
31. Rh1 Bf7 32. Bxh7 Rh8 33. Bd3 Rhg8 34. Rbb1 Rg7 35. Rh4 Rag8 36. Rg1 Ke7 37.
Bf5 Rg5 38. Bh7 Rh8 39. Bd3 Rhg8 40. Bh7 Rh8 41. Bd3 Rhg8 42. e3 R5g7 43. a5
Rh8 44. f4 $6 {damit wird nichts erreicht} (44. e4 $16) 44... Ke6 $11 45. Rgh1
f5 46. Be2 {[%cal Re2h5]} Rgh7 47. g4 fxg4 48. Bxg4+ {[%mdl 64] [#] Fesselung}
Kf6 49. Bf3 1/2-1/2

[Event "SK Freising 1-SK Starnberg 1"]
[Site "?"]
[Date "2025.04.06"]
[Round "9.6"]
[White "Paul, Franz Xaver"]
[Black "Absmaier, Friedrich"]
[Result "1/2-1/2"]
[WhiteElo "1827"]
[BlackElo "2014"]
[Annotator "Stockfish 17"]
[PlyCount "94"]
[EventDate "2025.??.??"]
[WhiteTeam "SK Freising 1"]
[BlackTeam "SK Starnberg 1"]

{[%evp 10,94,-6,-48,1,4,11,9,12,11,80,85,130,45,39,15,17,7,16,-14,-15,-17,-15,
-15,-2,-4,-2,-4,29,36,29,33,58,46,52,41,47,45,331,327,312,313,330,329,322,319,
317,312,307,308,288,284,322,295,275,288,282,186,249,247,230,219,418,306,307,
305,301,296,296,45,50,3,0,-17,65,65,75,0,4,16,44,0,0,0,0,0,0]} 1. e4 e6 2. d4
d5 3. exd5 exd5 4. c4 Nf6 5. Nc3 Bb4 6. Bg5 Qe7+ 7. Be2 dxc4 8. Nf3 O-O 9. O-O
Bxc3 $6 (9... Be6 $1 $11 {bleibt in der Remisbreite.}) 10. bxc3 $16 b5 11. Re1
(11. a4 $142 $16) 11... Qd6 $14 12. Bxf6 Qxf6 13. a4 c6 14. Ne5 a6 15. Bf3 Ra7
16. d5 Rd8 {zielt auf ...Te7 ab.} 17. Qd4 $36 {[%mdl 2048]} Re7 {...c5! ist
eine echte Drohung.} 18. Nxc6 {[%mdl 64] [#] Abzugsangriff} Nxc6 19. Qxf6 gxf6
20. dxc6 Rxe1+ 21. Rxe1 {Droht stark axb5.} bxa4 $11 {[%mdl 4096] Endspiel
KTL-KTL} 22. c7 Rf8 23. Bd5 {[#]} Be6 $2 {[%mdl 8192]} (23... Bd7 $14) 24. Bxe6
$18 fxe6 25. Rxe6 {KT-KT} Kf7 26. Rxa6 Rc8 27. Rxa4 Rxc7 28. g3 Ke6 29. Ra5 Rc6
30. Kf1 Kd6 31. Rf5 Ke6 32. Rb5 f5 33. f4 Rd6 34. Re5+ Kf6 35. Rc5 Kg6 (35...
Rd2 36. Kg1 Ke6 37. Rxc4 $18) 36. Rxc4 Rd2 37. h3 Rh2 38. Rc6+ Kh5 39. Rf6 $2 {
vergibt den Vorteil} (39. Rc8 $142 $18 Rc2 40. c4 Kg6 41. Rc6+ Kf7 42. Rc7+ Kg6
43. Rc6+ Kg7 44. h4 Kf7 45. h5 Kg7 46. c5 Rc1+ 47. Kg2 Kg8 48. Rc7 $18) 39...
Rxh3 $14 40. Rxf5+ Kg4 $1 {[%cal Rg4f5]} 41. Rd5 Rh2 $6 (41... Rxg3 $11 42.
Rg5+ Kxf4 43. Rxg3 Kxg3) 42. Rd3 $1 h5 {[#]} 43. Re3 $2 (43. Ke1 $16 Rg2 44.
Re3 Rh2 45. Kd1 Rg2 46. c4 $18 Rxg3 47. Rxg3+ Kxg3 48. f5 h4 49. f6 h3 50. f7
h2 51. f8=Q h1=Q+ 52. Kd2 {mit Gewinn}) 43... h4 $11 44. gxh4 Kxf4 45. Re2 Rh1+
46. Kf2 Rc1 47. Ra2 {Schwarz sollte Ta4+ verhindern.} Rxc3 1/2-1/2

[Event "SK Freising 1-SK Starnberg 1"]
[Site "?"]
[Date "2025.04.06"]
[Round "9.7"]
[White "Pappenheim, Rainer"]
[Black "Mujdzic, Emir"]
[Result "1-0"]
[WhiteElo "1963"]
[BlackElo "1870"]
[Annotator "Stockfish 17"]
[PlyCount "83"]
[EventDate "2025.??.??"]
[WhiteTeam "SK Starnberg 1"]
[BlackTeam "SK Freising 1"]

{[%evp 16,83,33,29,103,9,17,9,9,10,13,-27,-29,-89,-56,-57,-57,-65,-61,-143,
-138,-154,-138,-200,-200,-238,-237,-269,-270,-346,-351,-330,-295,-313,-283,
-269,-265,-260,-273,-272,-269,-277,-271,-281,-279,-269,-251,-280,-250,-294,
-269,-296,-309,-361,-368,-390,-385,-374,462,457,512,511,513,510,544,538,547,
545,680,680]} 1. d4 d5 2. c4 c6 3. Nf3 Nf6 4. cxd5 cxd5 5. Nc3 Nc6 6. Bf4 Bf5
7. e3 Qb6 (7... e6 8. Bd3 Bxd3 9. Qxd3 Bd6 10. Bxd6 Qxd6 11. O-O O-O 12. Rfc1 {
wurde schon oft gespielt}) 8. Qb3 Qxb3 9. axb3 Rc8 $6 (9... Bd7 $11 {hält das
Gleichgewicht.}) 10. Ne5 (10. b4 $16 e6 11. b5 Nd8 12. Be2) 10... a6 $11 11.
Bd3 Bxd3 $11 12. Nxd3 e6 13. O-O (13. Ke2 $5) 13... Nb4 14. Ne5 Bd6 15. Rfd1
Ke7 16. Rac1 Rc7 {[#]} 17. Nxf7 {ein schneller Bauerngewinn? Nein, ein grober
Fehler!} Bxf4 $17 18. Nxh8 Bd6 $17 19. Na4 $6 (19. f3 $17 Nc6 20. g3) 19... Nc6
$1 $19 20. f3 Rc8 21. Nc3 Rxh8 {die Aktion mit 17.Nxf7 ist schiefgelaufen} 22.
e4 {e5 wäre jetzt gut für Weiss.} Bf4 23. Ra1 Be3+ 24. Kf1 Bxd4 25. exd5 Nxd5
(25... exd5 $1 26. Ra4 Bxc3 27. bxc3 a5 $19) 26. Nxd5+ exd5 27. Ra4 Bxb2 28.
Rxd5 Rd8 29. Re4+ Kf7 30. Rxd8 Nxd8 31. Ke2 Ne6 32. Rc4 Ke7 33. g3 b5 34. Re4
Kd6 35. b4 Kd5 {Schwarz steht auf Gewinn} 36. Kd3 Bd4 $4 {[%mdl 8192] mit
einem groben Fehler wirft er die Partie weg [#]} (36... Bf6 $19 {und alles
wird gut. Droht ...a5! und aus.} 37. Re1 Nd4) 37. Rxe6 $1 $18 {[%mdl 576]
Verteidiger eliminieren. Weiß steht klar auf Gewinn.} Kxe6 (37... Bg1 38. Re7)
38. Kxd4 {das Bauernendspiel ist klar gewonnen.} Kd6 39. f4 Kc6 40. g4 Kb6 41.
f5 a5 42. g5 1-0

[Event "SK Freising 1-SK Starnberg 1"]
[Site "?"]
[Date "2025.04.06"]
[Round "9.8"]
[White "Bonilla, Cristian"]
[Black "Strecker, Gerhard"]
[Result "0-1"]
[WhiteElo "1754"]
[BlackElo "1847"]
[Annotator "Stockfish 17"]
[PlyCount "73"]
[EventDate "2025.??.??"]
[WhiteTeam "SK Freising 1"]
[BlackTeam "SK Starnberg 1"]

{[%evp 12,73,-1,8,73,79,86,33,33,-61,48,-40,-38,-49,-31,-58,-39,-125,-114,-111,
-94,-105,-18,-153,-118,-120,16,-112,-65,-187,-160,-262,-129,-119,-149,-156,170,
153,113,-150,-21,-234,-108,-236,-195,-199,-168,-165,-122,-336,-246,-290,-206,
-280,-220,-297,-299,-302,343,-237,-232,-405,-227,-260]} 1. d4 Nf6 2. Bf4 e6 3.
Nf3 b6 4. e3 Bb7 5. Nbd2 Be7 6. Bd3 Nh5 7. Bg3 d5 $6 (7... c5 $142 $11) 8. Ne5
$14 g6 (8... Nf6 9. h4 Nbd7 10. c3 $14) 9. Qe2 (9. Qf3 $5 O-O 10. h4 Nd7 11.
Nxd7 Qxd7 12. Bh2 $14) 9... O-O 10. O-O-O $6 {auf dieser Seite kann er leicht
attackiert werden} (10. c3 $14) 10... Nd7 ({Besser ist} 10... c5 $15 11. Qg4
Nc6) 11. Ndf3 ({Lieber} 11. Bb5 $14 Nxe5 12. Bxe5) 11... c5 $15 {Und ...c4
würde nun gewinnen.} 12. Nxd7 Qxd7 13. Bb5 Qc8 14. dxc5 $2 {öffnet die
Schleusen vor seinem K} (14. c3 $15) 14... Nxg3 (14... Qxc5 15. Kb1 $15) 15.
hxg3 bxc5 16. Qd2 f6 (16... Rd8 $17) 17. Rde1 $2 (17. e4 $1 $11 {hält das
Gleichgewicht.}) 17... a6 (17... Rf7 18. e4 dxe4 19. Bd7 Qf8 20. Bxe6 exf3 21.
gxf3 Bxf3 $19) 18. Ba4 e5 $2 (18... Qc7 $17) 19. c3 (19. e4 $1 $11 {war der
einzige Weg, das Gleichgewicht zu halten.}) 19... Qc7 20. Nh4 $2 (20. e4 $1 $15
) 20... e4 21. f3 (21. g4 $17) 21... Rfd8 (21... f5 $1 $19 {Droht stark ...g5.}
22. f4 Qa5) 22. fxe4 dxe4 23. Qe2 Rac8 $2 (23... Bd5 $17 {hält den Druck.} 24.
Rd1 Be6 25. Rxd8+ Bxd8) 24. Qg4 $1 $18 Bf8 {[#]} (24... Qd6 $2 25. Nxg6 Qd2+
26. Kb1 $18) 25. Ref1 $2 {[%mdl 8192] [#]} (25. Nxg6 $6 {schlägt nicht durch}
hxg6 26. Rd1 (26. Qxg6+ Qg7 $17) 26... Rd3 $11) (25. Rd1 $1 $16 {ist erzwungen,
um die Oberhand zu behalten. Droht Ld7 und aus.} Rxd1+ 26. Rxd1) 25... Bg7 ({
Nicht} 25... Qd6 $2 26. Rd1 $18) (25... Qf7 $1 $17 {zielt auf ...Ld5 ab.} 26.
Bb3 c4) 26. Kb1 $2 (26. Rd1 $1 $11) 26... Qe7 $17 (26... Bd5 $19 {und Schwarz
behält klar die Oberhand.} 27. Bc2 (27. Nxg6 $2 hxg6 28. Qxg6 Qf7 $19) 27...
Qa5) 27. Qe2 $2 (27. Rd1 $17 {war angesagt.}) 27... c4 28. g4 Qc5 29. g3 Rd3
30. Re1 $2 (30. Qh2 $17 {war einen Versuch wert.}) 30... Rcd8 (30... Qa5 $1 31.
Qc2 Rcd8 $19) 31. Rd1 Qe5 32. Bc2 Qxg3 33. Bxd3 exd3 ({Schwächer ist} 33...
cxd3 34. Qh2 $17) 34. Qh2 Qxe3 {[%mdl 8192]} (34... Qxg4 $19 35. Rhg1 Qd7) 35.
Rhe1 $4 {[%mdl 8192]} (35. Qc7 $18 {war der einzige Gewinnzug.} Re8 36. Qxb7)
35... Qb6 $19 36. Qg1 $2 (36. Rf1) 36... Qb5 (36... Qxg1 $142 37. Rxg1 d2 $19)
37. Re7 (37. Re7 Bf8 $1 $19) 0-1

[Event "SK Neuburg 1-TV Tegernsee 1"]
[Site "?"]
[Date "2025.04.06"]
[Round "9.1"]
[White "Manakov, Ilya"]
[Black "Sailer, Wolfgang"]
[Result "1/2-1/2"]
[WhiteElo "2297"]
[BlackElo "2077"]
[Annotator "Stockfish 17"]
[PlyCount "109"]
[EventDate "2025.??.??"]
[WhiteTeam "TV Tegernsee 1"]
[BlackTeam "SK Neuburg 1"]

{[%evp 25,109,14,22,6,10,-147,5,-3,52,45,51,44,34,17,18,0,0,0,0,-122,-9,-11,
-11,-11,-11,-10,-8,-12,-9,-19,-18,-20,-12,-11,-3,-3,-6,-10,0,-9,0,0,0,-8,0,0,0,
-5,0,-12,-11,-13,-7,-5,-3,-13,-7,-8,-9,-25,0,0,-1,-2,0,-3,0,0,0,0,6,2,8,0,0,0,
0,0,0,0,0,0,0,0,0,0]} 1. Nf3 Nf6 2. g3 b6 3. Bg2 Bb7 4. O-O c5 5. b3 e6 6. Bb2
Be7 7. c4 O-O 8. Nc3 a6 9. d4 cxd4 10. Qxd4 d6 11. Rfd1 (11. e4 Nbd7 12. Rfd1
Qc7 13. Qe3 Rfe8 14. Rac1 Bf8 15. Nd4 Rad8 16. Re1 Qb8 17. Qe2 {Karpov,A-Ribli,
Z Linares 1981}) 11... Qc7 12. Rac1 Nbd7 13. e4 Rac8 14. Ba3 {[%cal Ra3d6]} Nc5
{[%cal Rf6e4] [#]} 15. e5 $2 {der Vorstoß ist fehlerhaft, die Widerlegung ist
allerdings nicht leicht zu finden. Für Stockfish jedoch eine leichte Übung} (
15. Nd2 $11) 15... dxe5 {ergibt nur Ausgleich} (15... Nxb3 $142 $1 $17 {
[%mdl 512]} 16. axb3 (16. Qh4 Nxc1) 16... dxe5 {[%mdl 64] Abzugsangriff, der
Ba3 steht ungedeckt} 17. Qxe5 Bxa3 18. Qxc7 Rxc7 {mit Eroberung 1 Bauern,
Bewertung -1.90}) 16. Qxe5 $11 Qxe5 17. Nxe5 {Lxb7 ist eine echte Drohung.}
Bxg2 18. Kxg2 Rc7 19. Rc2 Rfc8 20. f3 Kf8 21. Rcd2 Ke8 22. g4 $6 {[#]} (22. Bb2
$11) 22... Ncd7 (22... Nxb3 $1 $17 {[%mdl 512] diesen Einschlag hat Manakov
sicher nicht gesehen} 23. axb3 Bxa3) 23. Bxe7 Kxe7 24. Nxd7 Rxd7 25. g5 Rxd2+
26. Rxd2 {[%mdl 4096] Endspiel KTS-KTS} Nd7 27. Ne4 Nc5 28. Kg3 Nxe4+ 29. fxe4
{KT-KT} Rc5 30. Kf4 f6 31. h4 a5 32. Rg2 Kf7 33. Rd2 Ke7 34. Re2 Rc7 35. gxf6+
gxf6 36. e5 Rd7 37. exf6+ Kxf6 38. Ke4 e5 39. Ke3 Ke6 40. Rh2 Rd4 41. h5 a4 42.
h6 axb3 43. axb3 $11 Rg4 44. Rh3 Kd6 45. Kd3 b5 46. cxb5 Kd5 47. Kc3 Kc5 48.
Rh5 Rg3+ 49. Kc2 Kd4 50. b6 Rg2+ 51. Kd1 {zielt auf b7 ab.} Rg6 52. b7 Rb6 {
[%mdl 64] Doppelangriff} 53. Rg5 {Droht Tg7 und aus.} Rxb7 54. Rg7 Rxb3 55.
Rxh7 (55. Rxh7 Rh3 56. Rd7+ Ke3 57. h7 e4 58. Ra7 Rh1+ 59. Kc2 Ke2 60. Re7 e3
61. Kc3 Rh4 62. Rg7 Rh1 63. Re7 Kf2 64. Kd3 Rd1+ 65. Ke4 e2 66. Kf5 Rh1 67. Kg6
$11 {kann man als Übung nachspielen}) 1/2-1/2